000 00768nam a2200277Ia 4500
001 7300
005 20240113234008.0
007 ta
008 050704s1998 a g b000 u eng u
020 _a81-261-0155-5
040 _aCotton College,Assam
041 _aeng
082 _a550
_bTr 73 Re
100 _aTripatathi, Nitin Kumar .
245 0 _aRemote Sensing in Geoscience /
_cNitin Kumar Tripatathi, Vishwa Nath bajpai.
_hTextual Documents
250 _a1st ed. /
260 _aNew Delhi :
_bAnmol Publications ,
_c1998.
300 _axi, 300p. :
_bill. ;
_c24cm .
504 _aBib.
653 _aGeology-Remote Sensing
653 _aRemote Sensing
653 _aPG-Geology
942 _2ddc
_cBK
999 _c7287
_d7287